Football : Français les mieux classés au ballon d'or depuis 2010 - Statistiques

Statistiques générales
  • Ce quiz a été pris 193 fois
  • Le résultat moyen est 12 sur 13
Statistiques - réponses
Année Joueur % Correct
2018 Antoine Griezmann
99%
2016 Antoine Griezmann
99%
2022 Karim Benzema
99%
2021 Karim Benzema
99%
2014 Karim Benzema
99%
2012 Karim Benzema
99%
2024 Kylian Mbappé
99%
2023 Kylian Mbappé
99%
2019 Kylian Mbappé
99%
2017 Kylian Mbappé
99%
2013 Franck Ribéry
89%
2015 Paul Pogba
79%
2011 Eric Abidal
32%
Aucun quiz correspondant
Distribution des résultats
% des personnes avec chaque résultat
Percentile par nombre de réponses
Votre historique - résultats
Vous n’avez pas pris ce quiz